Statistics for NBC Thursday Night Shows

Click here to take the quiz!

General Stats

  • This quiz has been taken 233 times
  • The average score is 12 of 23

Answer Stats

HintAnswer% Correct
Ross, Rachel, MonicaFriends
96%
Jerry, George, Elaine, KramerSeinfeld
93%
Sam, Diane, RebeccaCheers
88%
Cliff, Clair, Theo, RudyCosby
84%
Niles, DaphneFrasier
84%
Donald TrumpThe Apprentice
74%
Michael, Dwight, JimThe Office
74%
Alex, Mallory, JenniferFamily Ties
71%
Liz, Jack30 Rock
62%
Karen, JackWill and Grace
55%
Jamie and PaulMad About You
53%
J.D. CarlaScrubs
49%
Leslie, Ben, ChrisParks and Recreation
48%
Doug, Carol, CarterER
44%
Pierce, Jeff, BrittaCommunity
43%
Harry, Christine ReinholdNight Court
39%
Louie, Tony, ElaineTaxi
38%
Whitney, Dwayne, RonaldA Different World
37%
Joe, Brian, HelenWings
34%
Randy, Joy, DarnellMy Name is Earl
27%
Michael, Grace, Arnie, VictorL.A. Law
23%
Frank, Joyce, Phil, MichHill Street Blues
14%
Dennis, Maya, JackJust Shoot Me
14%

Score Distribution

Percentile by Number Answered

Percent of People with Each Score

Your Score History

You have not taken this quiz